[Event "USA-ch Qualifier"]
[Site "Tulsa"]
[Date "2008.03.29"]
[Round "3"]
[White "Nonchev, Kalin K"]
[Black "Kleiman, Jake"]
[Result "0-1"]
[WhiteElo "2184"]
[BlackElo "2322"]
[PlyCount "148"]
[EventDate "2008.03.28"]
[EventType "swiss"]
[EventRounds "7"]
[EventCountry "USA"]
[SourceTitle "CBM 123 Extra"]
[Source "ChessBase"]
[SourceDate "2008.05.06"]
[SourceVersion "1"]
[SourceVersionDate "2008.05.06"]
[SourceQuality "1"]

1. Nf3 d5 2. d4 c6 3. c4 Nf6 4. Qc2 dxc4 5. Qxc4 Bg4 6. Ne5 Be6 7. Qd3 Nbd7 8. Nxd7 Qxd7 9. e4 Rd8 10. Be3 Ng4 11. Nc3 Nxe3 12. fxe3 g6 13. Be2 Qc7 14. 0-0 Bg7 15. b4 0-0 16. Rac1 Qd6 17. a3 Be5 18. h3 Bg7 19. Bf3 Qg3 20. Ne2 Qg5 21. Rc5 Qh4 22. Nf4 Bc8 23. e5 Bh6 24. Be4 Qg3 25. Rf3 Qe1+ 26. Qf1 Qh4 27. Qf2 Qxf2+ 28. Kxf2 a6 29. Ke2 f6 30. exf6 exf6 31. Bc2 Rfe8 32. Kf2 Bf8 33. Rc3 Kg7 34. Nd3 Bd6 35. Nc5 f5 36. Bb3 Bb8 37. Nd3 Re7 38. h4 Re4 39. g3 Re7 40. Rc1 Bd6 41. Ke2 f4 42. gxf4 Bg4 43. Rg1 Bxf3+ 44. Kxf3 Rde8 45. Ne5 Bxe5 46. dxe5 Rd8 47. Bc2 Rd2 48. Be4 Rh2 49. Kg3 Ra2 50. h5 gxh5 51. f5 Rxe5 52. Kf3+ Kf6 53. Rh1 Rxa3 54. Rxh5 Rb3 55. Rxh7 Rxb4 56. Bd3 Re7 57. Rh6+ Ke5 58. Ke2 Rb2+ 59. Kf3 a5 60. Bc4 Kxf5 61. Rh5+ Kf6 62. Rxa5 b5 63. Bd3 Ke5 64. Ra8 Rf7+ 65. Kg3 Rb3 66. Rd8 Rf6 67. Kg4 Rc3 68. Kg5 Rf3 69. Re8+ Kd6 70. Kg4 Rf7 71. Bf5 Re7 72. Rd8+ Kc7 73. Rc8+ Kb7 74. Kf4 Rcxe3 0-1

[Event "USA-ch Qualifier"]
[Site "Tulsa"]
[Date "2008.03.28"]
[Round "2"]
[White "Lugo, Blas"]
[Black "Nonchev, Kalin K"]
[Result "1/2-1/2"]
[WhiteElo "2411"]
[BlackElo "2184"]
[PlyCount "113"]
[EventDate "2008.03.28"]
[EventType "swiss"]
[EventRounds "7"]
[EventCountry "USA"]
[SourceTitle "CBM 123 Extra"]
[Source "ChessBase"]
[SourceDate "2008.05.06"]
[SourceVersion "1"]
[SourceVersionDate "2008.05.06"]
[SourceQuality "1"]

1. e4 e6 2. Nf3 d5 3. Nc3 Nf6 4. e5 Nfd7 5. d4 c5 6. dxc5 Nc6 7. Bf4 Bxc5 8. Bd3 f6 9. exf6 Nxf6 10. 0-0 0-0 11. Qe2 Bd7 12. Nb5 Nh5 13. Be3 Nf4 14. Qd2 Nxd3 15. cxd3 Bb4 16. Qd1 e5 17. Bg5 Qb6 18. Nc3 Bxc3 19. bxc3 Bg4 20. Qb1 Qxb1 21. Raxb1 Bxf3 22. gxf3 Rxf3 23. Rfd1 h6 24. Bh4 g5 25. Bg3 b6 26. Kg2 Rf5 27. Rb5 Rd8 28. Re1 Kf7 29. a4 Kf6 30. c4 Ke6 31. a5 bxa5 32. Rc5 Nb4 33. Rxa5 Nxd3 34. cxd5+ Rxd5 35. Ra6+ Kf7 36. Rxa7+ Kg6 37. Rb1 Rf6 38. Re7 Kf5 39. h4 gxh4 40. Bxh4 Nf4+ 41. Kh2 Rf8 42. Bg3 Ng6 43. Rh7 Rh8 44. Rf7+ Kg5 45. Rg1 Rf8 46. Bxe5+ Kh5 47. Rxf8 Nxf8 48. Bf4 Ng6 49. Be3 Nh4 50. Kg3 Nf5+ 51. Kf4 Nd6 52. Kf3 Rf5+ 53. Ke2 Nf7 54. f4 Rb5 55. Kf3 Nd6 56. Rc1 Nf5 57. Rc5 1/2-1/2